000 00687nam a2200193Ia 4500
999 _c3152
_d3152
008 200103s 2011 ||||xx |||||||||||||| ||und||
020 _a9789280115376
082 _a341.7566
_bIMO
110 _aInternational Maritime Organization
245 0 _aFal convention: convention on facilitation of international maritime traffic, 1965, as amended including the explanatory manual to the convention.
250 _a9th
260 _c2011
_aLondon
_bInternational Maritime Organization
300 _avii,194p.
504 _a"Includes Appendix".
650 _aIMO FAL Forms
650 _aStowaways
650 _aArrival, stay and departure of cargo and other articles
942 _cBK